| 000 | 00402nam a2200169Ia 4500 | ||
|---|---|---|---|
| 999 |
_c45199 _d45199 |
||
| 003 | 0100 | ||
| 005 | 20170530123943.0 | ||
| 008 | 130303s9999 xx 000 0 und d | ||
| 040 | _cARRUPELIB | ||
| 050 | _aDT25.O4 1961 | ||
| 100 |
_aOliver, Roland (ed) _931708 |
||
| 245 | 4 | _aThe Dawn of African history | |
| 260 |
_bOxford University Press _aLondon _c1961 |
||
| 300 | _a108p | ||
| 650 |
_aAfrica _xHistory _922067 |
||
| 700 |
_aOliver, Roland (ed) _931708 |
||
| 942 |
_2lcc _cMONOGRAPH |
||